000 01907nam a22003257a 4500
999 _c21816
_d21816
003 AR-CdUCM
008 190425b ||||| |||| 00| 0 spa d
040 _aMUNICIPALIDAD PROVINCIAL DEL CUSCO
_cBIBLIOTECA MUNICIPAL DEL CUSCO
082 _aRev.Allp/N°19/1982
110 _aInstituto de Pastoral Andina
_912766
245 _aAllpanchis Phuturinqa :
_bRevista Anual /
260 _aCusco :
_bInstituto de Pastoral Andina,
_c1982.
300 _a291 páginas. :
_bilustraciones ;
_c20 cm.
440 _aRevista del Instituto de Pastoral Andina Cusco
_nAño1982,N°19.Vol. XVI.
_946227
500 _aEl cristianismo colonial
505 _aContenido: Una teología política en el Perú del siglo XVI. Gustavo Gutiérrez. -- Dioses y diablos idolatrías y evangelización. Irene Silverblatt. -- El Taki Onqoy y la sociedad andina Huamanga siglo XVI. Steve Stern. -- Los santuarios religiosos en la economía regional andina Cusco. Deborah Poole. -- Los clérigos doctrineros y la economía colonial Lima 1600-1630. Bernard Lavalle. -- Religión y justicia en Túpac Amaru. Jefrey Klaiber. -- Dioses y hombres de Huamanga. Jan Szeminski. -- Alrededor de dos falsas ecuaciones coca buena cocaína buena, cocaína mala coca mala. -- Comercios de lanas estructura agraria y oligarquía en el sur del Perú. Nils Jacobsen. -- La revisita de Huarochirí o la resurrección del padre Ávila. Henrique Urbano. -- Sobre ritual y palabra. José María Gómez.
650 _aCultura andina
_946225
650 _aReligiosidad andina
_944127
650 _aCristianismo colonial
_946228
650 _aMesianismo
_92060
650 _aTeología
_946229
650 _aEvangelización
_946230
700 _aUrbano, Enrique
_939364
700 _aPoole, Deborah
_946231
700 _aLavalle, Berbard
_946232
700 _aSzeminski, Jan
_95840
700 _aJacobsen, Nils
_944745
942 _2ddc
_cPP
945 _arac